| 000 | 01072nam a22003017a 4500 | ||
|---|---|---|---|
| 001 | 1014 | ||
| 005 | 20241126112508.0 | ||
| 020 |
_a0374326029 : _c$11.95 |
||
| 040 |
_aDLC _cDLC _dDLC _beng |
||
| 050 | 0 | 0 |
_aPZ7.D1515 _bGi 1985 |
| 082 | 0 | 0 |
_a823.914 _220 |
| 100 | 1 | _aDahl, Roald. | |
| 245 | 1 | 4 |
_aThe giraffe and the pelly and me / _cRoald Dahl ; illustrated by Quentin Blake. |
| 250 | _a1st American ed. | ||
| 260 |
_aNew York : _bPuffin, _c1985. |
||
| 300 |
_a79 pages : _billustrations, _c20 cm. |
||
| 505 | _aW | ||
| 520 | _aA small boy with a desire to own a candy shop meets a window-washing team of a giraffe, a pelican, and a monkey and together they go to work for the wealthy Duke of Hampshire, who makes all their dreams come true. | ||
| 521 |
_a840
_bLexile |
||
| 521 |
_aW
_bRaz-Plus |
||
| 650 | 1 |
_aGiraffe _xFiction. |
|
| 650 | 1 |
_aPelicans _xFiction. |
|
| 650 | 1 |
_aMonkeys _xFiction. |
|
| 650 | 1 |
_aCandy _xFiction. |
|
| 700 | 1 |
_aBlake, Quentin, _eillustrator. |
|
| 906 |
_a7 _bcbc _corignew _d3 _eocip _f19 _gy-gencatlg |
||
| 942 |
_2ddc _cBK _n0 |
||
| 999 |
_c1014 _d1014 |
||